00331nam a2200133Ia 4500008004100000041000800041082001900049100001900068245004800087260002000135300001600155650001400171650001200185210719s1930 xx 000 0 und d aeng a915.48711 SIMC aSIMHAM (R D N) aCivic survey of Mangalore municipality 1929 aMangalorec1930 axiv,126bHB aGeography aHistory